000 00520nam a22002057a 4500
003 OSt
005 20140310182816.0
008 130228t xxu||||| |||| 00| 0 eng d
020 _a0883683563
050 _aBS 2685.3
_b.Ya21 1985
082 _aM 227.4
_bY1 1985
245 _aThe spirit-controlled life
_cYandian, Bob
260 _aSpringdale, PA :
_bWhitakes House,
_c1985
300 _a265 p.:
_c22 cm.
521 _aCollege
526 _c1210L-1700L
541 _j1
562 _e1
942 _2lcc
_cBK
_kM
999 _c16282
_d16282